000 00704nam a22002177a 4500
003 0
005 20240819131426.0
008 240819b xxu||||| |||| 00| 0 eng d
020 _a978-1-265-92470-6
050 _aPN 1993.5
_b.T56 2022
100 _aThompson, Kristin
245 _aFilm history
_ban introduction
_cKristin Thompson [and two others]
250 _aFifth edition
260 _aNew York
_bMcGraw Hill LLC
_c2022
300 _axx, 774 pages :
_bcolored illustration and pictures ;
_c28cm.
504 _aIncludes bibliographical references, glossary and index.
650 _aMotion pictures--history.
650 _aFilm history.
650 _aCinema--history.
942 _2lcc
_cBK
999 _c366120
_d366120